000 01661nam2a2200313 4500
001 RU\NLR\bibl\880395
005 20250614164708.0
021 _aRU
_b2005-50313
_92450
035 _a(NLR Aleph) 000868965
090 _a1587348
_c1587348
100 _a20051128d2004 |||y0rusy50 ca
101 0 _arus
102 _aRU
105 _ay |||||||||
200 1 _aAegilops tauschii Coss
_eхарактеристика образцов по ювенильной устойчивости к листовым болезням
_f[сост.: к.б.н. Л.Г. Тарышкин и др.]
210 _d2004
_aБ. м.
215 _a15, [1] с.
320 _aБиблиогр.: с. 15 (8 назв.)
461 0 _1001RU\NLR\bibl\166215
_12001#$aКаталог мировой коллекции ВИР$vВып. 763
_9938135
_aВсероссийский НИИ растениеводства им. Н. И. Вавилова (Санкт-Петербург)
_cСПб.
_d2000
_fРос. акад. с.-х. наук, Гос. науч. центр Рос. Федерации, ВНИИ растениеводства им. Н.И. Вавилова (ВИР)
_nВИР
_tКаталог мировой коллекции ВИР
_vВып. 763
606 1 _aЭгилопс
_jКаталоги
_xКоллекции
_92408174
_3RU\NLR\auth\661435040
606 1 _aЭгилопс
_xУстойчивость к болезням листьев
_92408612
_3RU\NLR\auth\661435263
686 _aП212.1-314.8я26
686 _aП491.127-129я26
702 1 _aТарышкин
_bЛ. Г.
_4220
801 0 _aRU
_bNLR
_c20051128
_grcr
801 1 _aRU
_bNLR
_c20051128
942 _cBOOK
980 _aNB